Welcome to the Holygrace Academy Library

Please use search bar below to get started

CASEY CAT HAS A HAT (Record no. 3402)

MARC details
000 -LEADER
fixed length control field 00296nam a22001337a 4500
020 ## - INTERNATIONAL STANDARD BOOK NUMBER
ISBN 978-1-60685-103-6
082 ## - DEWEY DECIMAL CLASSIFICATION NUMBER
Classification number 823
Item number WIL/C
100 ## - MAIN ENTRY--AUTHOR NAME
Personal name WILLIAMS, ROZANNE LANCZAK
245 ## - TITLE STATEMENT
Title CASEY CAT HAS A HAT
260 ## - PUBLICATION, DISTRIBUTION, ETC. (IMPRINT)
Place of publication US
Name of publisher LEAP FROG
300 ## - PHYSICAL DESCRIPTION
Number of Pages 15
650 ## - SUBJECT ADDED ENTRY--TOPICAL TERM
Topical Term ENGLISH SHORT STORY
942 ## - ADDED ENTRY ELEMENTS (KOHA)
Koha item type Books
Holdings
Withdrawn status Lost status Collection code Home library Current library Shelving location Date acquired Source of acquisition Full call number Accession Number Koha item type
    Fiction Main Library Main Library SHELF 3- E- ENGLISH CHILDRENS LITERATURE &MYTHOLOGY 03/11/2012 PURCHASE 823 WIL/C 07230 Books